00482nam a22001337a 4500082002900000110002300029245007900052260008600131300001200217526003700229526003700266526003700303650000800340 a624.152bGOVcL-16, P-11 aGovt of Punjab Rwp aRasul manual no.8 for subordinate engieers earthwork /cGovt of Punjab Rwp aPakisan :bGovt of Punja Pubic Works Department Building and Road Branch.cc1955. a59 p. : a0b0c0d624_152000000000000_GOV a0b0c0d624_152000000000000_GOV a0b0c0d624_152000000000000_GOV aMCE